Normal view
MARC view
- Vasco, Irene,
Entry Nombre Personal
001 - NUMERO DE CONTROL
- campo de control: 34052
003 - IDENTIFICADOR DE NUMERO DE CONTROL
- campo de control: UPN
005 - FECHA Y HORA DE LA ÜLTIMA TRANSACCIÓN
- campo de control: 20220810184940.0
008 - DATOS DE LONGITUD FIJA
- campo de control de longitud fija: 220810nn acannaabn n ana d
035 ## - NUMERO DE CONTROL
- Número de control: UPN11000006159
040 ## - FUENTE DE CATALOGACIÓN
- Lenguaje de catalogación: SPA
- Agencia de transcripción: UPN
- Agencia original de catalogación: UPN
053 #4 - NÚMERO DE CLASIFICACIÓN LC
- Número de clasificación elemento-número único o número inicial de tramo: PQ8180.32 A8.3
100 1# - ENCABEZAMIENTO - NOMBRE PERSONAL
- Nombre personal: Vasco, Irene,
- Fechas asociadas con el nombre: 1952-
670 ## - FUENTE EN LA QUE SE LOCALIZARON DATOS
- Cita de la fuente: T
- Uniform Resource Identifier: http://www.librerianorma.com/autor/autor.aspx?p=wPf70WOKg/8hG6c8UWp9jQ==
680 ## - NOTA PUBLICA DE ACCESO PÚBLICO
- Frase explicativa de la referencia: Escritora y traductora colombiana
902 ## - CATALOGADOR
- Catalogador: MITM/020913
